Statistics for Arabic Letters

Click here to take the quiz!

General Stats

  • This quiz has been taken 68 times
  • The average score is 10 of 15

Answer Stats

QuestionAnswer% Correct
What is this letter ا ?A
100%
In english, what is this letter? بB
96%
In english, how do we write this? بابBab
94%
Write Baba in Arabicبابا
89%
هر = HR harry in Arabicهارري
74%
Hint: ن = N Write this in english. ناميد M= مNamid
69%
هوز in English (ز = z) (و=w, o or u)Hoz
65%
What are these letters? ح ج د ذH, J, D, Th (Th in The)
63%
ش شاسو=Sh س = S Put in EnglishShaso
61%
How do we write Thadi? (ي = I or Y)ثادي
59%
How do we pronounce this? ثTh in Theory
59%
Write this in English ضاريمDarim
54%
Which of these is uncorrect?ض = Soft D
52%
What are these words? 1مانوز3 ، شيصا2 ، هاذان1. Hathan 2 Shis'a 3 Manuz
50%
How do we pronounce this? خ?Ch in Bach (X in russian)
37%

Score Distribution

Percentile by Number Answered

Percent of People with Each Score

Your Score History

You have not taken this quiz